| 000 | 00803cam a22002653a 4500 | ||
|---|---|---|---|
| 001 | 33263 | ||
| 003 | PGUSA | ||
| 005 | 20140828083723.0 | ||
| 008 | 100726s2010||||xxu|||||s|||||000 1 eng d | ||
| 040 |
_aPGUSA _beng |
||
| 042 | _adc | ||
| 050 | 4 | _aPZ | |
| 100 | 1 |
_aBrazil, Angela, _d1869-1947 |
|
| 245 | 1 | 4 |
_aThe Third Class at Miss Kaye's : _bA School Story _h[electronic resource] / _cAngela Brazil |
| 260 |
_bProject Gutenberg, _c2010 |
||
| 506 | _aPublic domain in the USA. | ||
| 516 | _aElectronic text | ||
| 653 | _aBildungsromans | ||
| 653 | _aSchools -- Juvenile fiction | ||
| 653 | _aFriendship -- Juvenile fiction | ||
| 700 | 1 |
_aDixon, Arthur A. _q(Arthur Augustus), _d1872-1959 |
|
| 830 | 0 |
_aProject Gutenberg _v33263 |
|
| 856 | 4 | 0 | _uhttp://www.gutenberg.org/ebooks/33263 |
| 942 | _cEB | ||
| 999 |
_c262518 _d262518 |
||